| 000 | 00687nam a2200157 a 4500 | ||
|---|---|---|---|
| 008 | 131002s2007 ||||||||||||||||| || u | ||
| 020 | _a9780821371930 | ||
| 050 | _aRA 410.55.D48 HEA | ||
| 110 | _aWorld Bank | ||
| 245 | 1 | 0 |
_aHealthy development: the World Bank strategy for health, nutrition, and population results _cby the World Bank |
| 260 |
_aWashington DC: _bWorld Bank _c2007 |
||
| 300 | _axix, 220p.: ill. | ||
| 650 | _aPUBLIC HEALTH--DEVELOPING COUNTRIES--FINANCE | ||
| 650 | _aWORLD BANK | ||
| 995 |
_aMICHAEL CHILUFYA SATA OPEN ACCESS _e902359 _FCBU-SCHOOL OF MEDICINE LIBRARY (Ndola) _jRA 410.55.D48 HEA _M1 _UAVAILABLE _WNov 6, 2013 _y902359 _ZMedical Library Open Access Collection |
||
| 999 |
_c31668 _d31668 |
||